[Event "Quezon City U1800 op"]
[Site "Quezon City"]
[Date "2025.05.04"]
[Round "6"]
[White "Florentino, Marcus Gavrie"]
[Black "Instrella, Runhigh Yohan"]
[Result "0-1"]
[WhiteElo "1714"]
[BlackElo "1554"]
[PlyCount "65"]
[EventDate "2025.05.03"]
[EventType "swiss"]
[EventRounds "7"]
[EventCountry "PHI"]
[SourceTitle "CB19_2025"]
[SourceDate "2025.05.07"]
[SourceVersion "1"]
[SourceVersionDate "2025.05.07"]
[SourceQuality "1"]

1. e4 c5 2. Nf3 g6 3. c3 Bg7 4. d4 cxd4 5. cxd4 d5 6. e5 Bg4 7. Be2 Bxf3 8. Bxf3 e6 9. 0-0 Nc6 10. Nc3 Nge7 11. Be3 0-0 12. g4 a6 13. Qd2 b5 14. Rfe1 Rc8 15. Rad1 Qb6 16. Bg2 a5 17. Bg5 Rfe8 18. Qf4 Nb8 19. Bf1 b4 20. Nb5 Nec6 21. Nd6 Rf8 22. Nxc8 Rxc8 23. Rc1 Re8 24. Red1 Nd7 25. Bf6 Bf8 26. Rd3 a4 27. g5 Rb8 28. Qh4 Nxf6 29. exf6 Re8 30. Rh3 h6 31. gxh6 Kh8 32. Qf4 e5 33. Qg5 0-1